'A' Books by Opening Lines Quiz Stats

 Plays Quiz Updated Jun 11, 2016

Challenge
Share
Tweet
Embed
Score 0/22 Timer 08:00
3 Plays Today
% Correct
Adventures of Huckleberry Finn
91%
Animal Farm
72.8%
All Quiet on the Western Front
72.3%
Around the World in Eighty Days
69.5%
Alice's Adventures in Wonderland
64.1%
Angela's Ashes
60.5%
Anne of Green Gables
60%
The Autobiography of Malcolm X
59.5%
Alexander and the Terrible, Horrible, No Good, Very Bad Day
59%
All the President's Men
57.5%
Atlas Shrugged
53.2%
% Correct
Anna Karenina
48.8%
Artemis Fowl
42.3%
Angels and Demons
40.1%
The Alchemist
30.4%
American Gods
26.8%
As I Lay Dying
25.6%
The Age of Innocence
25%
The Andromeda Strain
24%
An American Tragedy
23.9%
The Agony and the Ecstasy
19.8%
American Psycho
16.3%

You're not logged in!

Compare scores with friends on all Sporcle quizzes.
Join for Free
OR
Log In

You Might Also Like...

Show Comments

Extras

Top Quizzes Today


Score Distribution

Your Account Isn't Verified!

In order to create a playlist on Sporcle, you need to verify the email address you used during registration. Go to your Sporcle Settings to finish the process.

Report this User

Report this user for behavior that violates our Community Guidelines.

Details: